000 00251nam a2200097Ia 4500
001 1116319
005 20250827004044.0
008 250824s9999 xx 000 0 und d
245 0 _aİNSAN VE DAVRANIŞI
_cDOĞAN CÜCEOĞLU
260 _bREMZİ KİTABEVİ
999 _c1116319
_d1116319